Statistics for PSV Eindhoven Scorers in 2010s Champions League

Click here to take the quiz!

General Stats

  • This quiz has been taken 84 times
  • The average score is 5 of 9

Answer Stats

PlayerNationGls% Correct
Luuk de JongNetherlands6
97%
Hirving LozanoMexico2
86%
Santiago AriasColombia1
70%
Héctor MorenoMexico1
58%
Davy PröpperNetherlands2
47%
Maxime LestienneBelgium2
42%
Luciano NarsinghNetherlands2
41%
Jürgen LocadiaNetherlands1
34%
Pablo RosarioNetherlands1
28%

Score Distribution

Percentile by Number Answered

Percent of People with Each Score

Your Score History

You have not taken this quiz